00640nam a2200157Ia 4500003000400000008004100004082001800045100002300063245003000086260001500116650000800131942001200139999001500151952015200166952016400318OSt191201s2012 xx 000 0 und d a302.2301bBEM aBERGER, Arthur ASA 0aMedia Analysis Techniques bSagec2012 aMBA 2ddccBK c7031d7031 00102ddc40708MBAaPIETbPIETd2020-07-21eKirti Prakashang650.00kIN 3971l0o302.2301 BEMp31206r2019-12-04 00:00:00v422.50w2019-05-24yBK 00102ddc40708MBAaPIETbPIETd2020-07-21eKirti Prakashang650.00kIN 3971l1o302.2301 BEMp31207r2020-03-04 00:00:00s2020-02-18v422.50w2019-05-24yBK